| 000 | 00675nam a2200217 u 4500 | ||
|---|---|---|---|
| 005 | 20240229063548.0 | ||
| 008 | 111109s2005 r 000 0 eng d | ||
| 020 | _a8466702946 | ||
| 035 | _aUPN01000182458 | ||
| 049 | _aI | ||
| 050 | 4 |
_aPZ74.9 _bK4.3 |
|
| 100 | 1 |
_aKeselman, Gabriela, _d1953- _931735 |
|
| 245 | 1 | 0 |
_aCinco enfados / _cGabriela Keselman ; il. Marcelo Elizalde. |
| 260 |
_aMadrid : _bAnaya, _c2005. |
||
| 300 |
_a62 p. : _bil. col. |
||
| 440 | 0 |
_aSopa de libros ; _v60. _pA partir de 6 aƱos |
|
| 650 | 4 |
_aLiteratura infantil argentina _97511 |
|
| 650 | 4 |
_aRelaciones de familia _96077 |
|
| 650 | 4 |
_aBRUJAS - _vLITERATURA INFANTIL _94409 |
|
| 905 | _aInfantil | ||
| 999 |
_c154561 _d154561 |
||